| 000 | 00659nam a2200193 a 4500 | ||
|---|---|---|---|
| 005 | 20230524063634.0 | ||
| 008 | 991125s1954 mx 000 0 spa u | ||
| 035 | _aUPN01000004398 | ||
| 049 | _aLT | ||
| 050 | 4 |
_aLB1589 M6.2 _bL4.3 |
|
| 100 | 1 |
_aLechuga, Rosaura _928971 |
|
| 245 | 1 | 0 |
_aAritmética de la infancia : _b2o. curso / _cpor Rosaura Lechuga. |
| 260 |
_aMéxico : _bEl Material Didáctico, _c1954. |
||
| 300 |
_a167 p. : _bil. |
||
| 500 | _aTítulo en la cubierta: Aritmética infantil : 2o. curso | ||
| 650 | 4 |
_aAritmética _xEstudio y enseñanza (Elemental) _95289 |
|
| 650 | 4 |
_aMatemáticas _xEstudio y enseñanza (Elemental) _92809 |
|
| 905 | _aLibro | ||
| 999 |
_c4398 _d4398 |
||